MDQL
is popping MORE tags! Check the
thread
!
Quizzes
Events
Quiz Creation
Community
Videos
Private Events
Remove Ads
Sign In
Join for FREE
Feedback
Dark Mode
Quiz Categories
Sports
Geography
Music
Movies
Television
Just For Fun
Miscellaneous
History
Literature
Language
Science
Gaming
Entertainment
Religion
Holiday
For Kids
Quiz Lab
Recent
Popular Today
Quiz Kudos Today
Editor Picks
Curator Picks
Quizzes by...
Day
Popularity
Type
Ratings
Length
Year
Community
Subscriptions
Recent Discussions
Orange Saloon
Badges
Playlists
Quests
Create
Leaderboards
Showdown
Live 5
Trivia Bingo
Activity
Puzzle Library
Sporcle Events
Private Events
Virtual Trivia
Globe League
Become a Host
Pub Owners
SporcleCon
Opinionation
Our Games
Videos
Blog
Mobile Apps
Partnerships
Remove Ads and Go Orange
Feedback
Sports
Athletes
MLB
NBA
NHL
NFL
Soccer
Sports Teams
WWE
NCAA
Football
Premier League
Basketball
Baseball
Hockey
Golf
Tennis
Cricket
Rugby
Auto Racing
Olympics
World Cup
Sports
Athletes
MLB
NBA
NHL
NFL
Soccer
Sports Teams
WWE
NCAA
Football
Premier League
Basketball
Baseball
Hockey
Golf
Tennis
Cricket
Rugby
Auto Racing
Olympics
World Cup
Random Quiz
Search Sporcle
×
Quiz Lab
Quiz Lab
Sports
NBA
Type in answers that appear in a list
Type in answers that appear in a list
Classic
Best Score? Go Orange.
Every NBA 2K Cover Athlete Stats
Can You Name Every NBA 2K Cover Athlete?
By
claygrider31
5m
32 Questions
666 Plays
666 Plays
666 Plays
Comments
Comments
Give Quiz Kudos
Give Quiz Kudos
-
- Ratings
hide this ad
More Info
Replay
Link that replays current quiz
Next Quiz
Link to next quiz in quiz playlist
You Got
0%
They Got
Avg Score
78%
Avg Friend Score
Upgrade to see
Score Distribution
Jump to the score distribution portion of the page
Score
0/32
Timer
05:00
0
Plays Today
Title
Athlete
% Correct
NBA 2K14
LeBron James
95%
NBA 2K10
Kobe Bryant
93.2%
NBA 2K17 (Legend Edition)
Kobe Bryant
93.2%
NBA 2K6
Shaquille O'Neal
91.7%
NBA 2K7
Shaquille O'Neal
91.7%
NBA 2K18 (Legend Edition)
Shaquille O'Neal
91.7%
NBA 2K12
Michael Jordan
91.1%
NBA 2K11
Michael Jordan
91.1%
NBA 2K16 (Legend Edition)
Michael Jordan
91.1%
NBA 2K13
Kevin Durant
90.2%
NBA 2K15
Kevin Durant
90.2%
NBA 2K16
Stephen Curry
89.3%
NBA 2K18
Kyrie Irving
89%
NBA 2K
Allen Iverson
88%
NBA 2K1
Allen Iverson
88%
NBA 2K2
Allen Iverson
88%
Title
Athlete
% Correct
NBA 2K3
Allen Iverson
88%
NBA 2K4
Allen Iverson
88%
NBA 2K17
Paul George
83.5%
NBA 2K16
James Harden
81.1%
NBA 2K16
Anthony Davis
80.8%
NBA 2K13
Derrick Rose
65.9%
NBA 2K9
Kevin Garnett
65.6%
NBA 2K13
Blake Griffin
64.3%
NBA 2K16 (French Version)
Tony Parker
63.8%
NBA 2K12
Magic Johnson
60.4%
NBA 2K12
Larry Bird
60.2%
NBA 2K16 (Spanish Version)
Pau Gasol
58.1%
NBA 2K8
Chris Paul
58%
NBA 2K16 (Spanish Version)
Marc Gasol
57.7%
NBA 2K5
Ben Wallace
46.5%
NBA 2K16 (German Version)
Dennis Schroder
31.4%
Quiz Playlist
Details
Report
Send in Message
Add To Playlist
More Info:
Some games have multiple athletes!
Classic:
Type in answers that appear in a list
Last Updated: Sep 8, 2017
Quiz Scoreboard
CHALLENGE
Sign Up to Join the Scoreboard
Show All
Scores
Hide
Comments
May contain spoilers
Recently Published
Two Season TV Shows II
by 123Four
Television
10m
Image Sorting: Flags VI
by Barbecue
Geography
2m
Find the 'City' Movie
by crazypaving
Movies
60s
More to Explore
Quiz From the Vault
Featured Blog Post
14 Easter Pick-up Lines to Find Eggs With
hide this ad
You Might Also Like...
Tags
NBA Quiz
2K Sports
NBA MVP
NBA Player
Today's Top Quizzes in Sports
Browse Sports
hide this ad
Today's Top Quizzes in NBA
Browse NBA
Top Contributed Quizzes in Sports
1
Les meilleurs buteurs des matchs entre le PSG et l’OM
2
Les entraîneurs de l'OM et du PSG au 21e siècle
3
2022 World Cup Stars
4
Les joueurs passés par le PSG et l'OM
5
Players with Multiple 50 Home Run Seasons
6
FIFA Club World Cup Champions
7
Criteria MLB: Left Handed Sluggers
8
Les joueurs passés par le LOSC et le RC Lens
9
Top 10 NHL Goal Scorers of All Time
10
MLB Players with Two .350 Batting Average Seasons
Explore More
Trending Topics
NBA
Crossword
Marvel
Anime
Disney
Kpop
Harry Potter
The Office
Country
Song
WWE
NFL
Puzzle
Soccer
Pokémon
hide this ad
More By:
claygrider31
Quiz
Plays
Rating
Category
Featured
Created
Every NBA 2K Cover Athlete
666
3.00
Sports
Aug 29, 2017
Go to Creator's Profile
Score Distribution
Quiz Creator Spotlight
claygrider31
Follow
Send a Message
Quizzes Created
-
Created Quiz Play Count
-
More By This Creator
Popular Quizzes Today
1
Find the US States - No Outlines Minefield
2
Colored Red Africa Blitz
3
Find the 'City' Movie
4
5x2 Blitz: Bands
5
The Countries of the World
6
Find the Countries of Europe - No Outlines Minefield
7
Find the US States
8
US States
More Sports Quizzes
Another World Series
Curator's Pick
Trending Quizzes
Colored Red Europe Blitz I
Colored Red Africa Blitz II
Colored Red Europe Blitz II
Colored Red Africa Blitz III
Colored Red Europe Blitz III
Recently Updated
How Do You Spell That?
pecheneg
Godzilla Movies
pecheneg
Grab Bag: 4-10 Letters
pecheneg
2024 March Madness Bracket
pecheneg
Famous TV Couples
Peacemaker
Champions League XIs: Real Madrid
pecheneg
Largest US Cities 1790-2010
pecheneg
Rides in Walt Disney World
pecheneg
Most Oscar Losses (Acting)
pecheneg
Beyoncé Albums
pecheneg
Trending Topics
Disney
Crossword
Harry Potter
Anime
Marvel
NBA
Kpop
The Office
Song
Pokémon
Puzzle
WWE
NFL
Country
Soccer
Your Account Isn't Verified!
In order to create a playlist on Sporcle, you need to verify the email address you used during registration. Go to your
Sporcle Settings
to finish the process.
Report this User
Report this user for behavior that violates our
Community Guidelines
.
Details:
Send Report
Go to the Sporcle.com Mobile Site →
Comments